Fundamentaľnyje issledovanija drevesiny s točki zrenija jevo kompleksnovo ispoľzovanija : 17.-21.10.1988 Smolenice
Guardado en:
| Formato: | Libro |
|---|---|
| Publicado: |
Bratislava :
Malotirážne stredisko Vedy v SAV,
1988
|
| Etiquetas: |
Sin Etiquetas, Sea el primero en etiquetar este registro!
|
MARC
| LEADER | 00000nam a22000003a 4500 | ||
|---|---|---|---|
| 001 | stu20342 | ||
| 005 | 20150408181337.9 | ||
| 008 | ------s1988----cs----------------------d | ||
| 040 | |a STU |b slo | ||
| 041 | 0 | ||
| 044 | |a cs | ||
| 080 | |a 674.001/061.3/ | ||
| 245 | |a Fundamentaľnyje issledovanija drevesiny s točki zrenija jevo kompleksnovo ispoľzovanija : |b 17.-21.10.1988 Smolenice | ||
| 260 | |a Bratislava : |b Malotirážne stredisko Vedy v SAV, |c 1988 | ||
| 300 | |a 75 s | ||
| 996 | |b CK227 |c C*K227 |l CCVIIIB |s P |a 0 |w stu20342_0001 | ||